LEADER 01537nam a2200265 i 4500 001 000000243544 003 CaOOAMICUS 005 20150709000000.0 008 150709s1827 xx u000 u lat u 013 $a222449 026 $aX.I. dou- d.i- (Iti (3) 1827 (R) 040 $aSeMil$bita 245 10$aSS. episcoporum Nicetae et Paulini scripta ex vaticanis codicibus edita. Accedit eiusdem s. Nicetae opusculum aliud Chisiani codicis ope emendatum. Item episcopologii Aquileiensis antiquum fragmentum ex codice vaticano editum. 260 $aRomae :$bTypis Vaticanis,$c1827. 300 $aXII, 72 p. ;$cfol. 500 $aNome del curatore, Angelo Mai, dalla dedica a carta pg2r. - Cors. ; rom. - Segn. : pg6 a-i4. 700 1 $aPaulinus : Nolanus .$0(OLS)http://semarc/name/747 700 1 $aNicetas .$0(OLS)http://semarc/name/59341 700 1 $aMai, Angelo,$c.$0(OLS)http://semarc/name/1132 710 2 $aStamperia Vaticana$c.$0(OLS)http://semarc/name/12841 850 $aSeMil 852 $aSeMil$W1$xVenegono$y1$m2T VIII 22 FA$j193890$B193890$CSeMilBibl$Z2$F204586 $8I 961 $aRecupero: Cittą Nuova 996 $6245$aSS. episcoporum Nicetae et Paulini scripta ex vaticanis codicibus edita. Accedit eiusdem s. Nicetae opusculum aliud Chisiani codicis ope emendatum. Item episcopologii Aquileiensis antiquum fragmentum ex codice vaticano editum$9(OLS)http://semarc/title/345378 996 $6260$aRomae :$bTypis Vaticanis$9(OLS)http://semarc/publisher/32160 LEADER 01615nam a2200217 i 4500 001 000000025614 003 CaOOAMICUS 005 20180830125447.0 008 180830s1828 it u000 u ita u 040 $aSeMil$bita 240 00$aStoria ed analisi degli antichi romanzi di cavalleria e dei poemi romanzeschi d'Italia con dissertazioni sull'origine, sugl'istituti, sulle cerimonie de' cavalieri, sulle corti d'amore sui tornei, sulle giostre ed armature de' paladini sull'invenzio.$0(OLS)http://semarc/title/34499 245 10$aStoria ed analisi degli antichi romanzi di cavalleria e dei poemi romanzeschi d'Italia con dissertazioni sull'origine, sugl'istituti, sulle cerimonie de' cavalieri, sulle corti d'amore sui tornei, sulle giostre ... Volume 1. [-.4]. 260 $aMilano :$bDalla tipografia dell' Autore,$c1828-1829. 300 $a4 v. ;$c4°. 700 1 $aGiulio, Ferrario.$0(OLS)http://semarc/name/11375 774 0 $tVol. 1.$g1$w()207104 774 0 $tVol. 2.$g2$w()207107 774 0 $tVol. 3.$g3$w()207108 774 0 $tBibliografia dei romanzi e poemi romanzeschi d'Italia appendice all'opera del dottore Giulio Ferrario intitolata Storia ed analisi degli antichi romanzi di cavalleria e dei poemi romanzeschi d'Italia.$g4$w()207109 996 $6245$aStoria ed analisi degli antichi romanzi di cavalleria e dei poemi romanzeschi d'Italia con dissertazioni sull'origine, sugl'istituti, sulle cerimonie de' cavalieri, sulle corti d'amore sui tornei, sulle giostre ... Volume 1. [-.4]$9(OLS)http://semarc/title/34500 996 $6260$aMilano :$bDalla tipografia dell' Autore$9(OLS)http://semarc/publisher/36552